Correctly Spelled Countries - Sudden Death #1 - Statistics

General Stats
  • This quiz has been taken 116 times
  • The average score is 10 of 15
Answers on the Grid
Answers color-coded by a green-red scale on the quiz's grid according to % correct below.
Mayanmar
United States
United Kindom
Rusia
Gambia
Honduras
Nicaragua
Chech Republic
Serbea
Mexico
Canda
Packistan
Azerbaijan
Grenada
Turkeye
Hiati
Saint Lucia
Austrailia
Boznia and Herzegovina
Portugal
Spain
Mongalia
Greece
Finland
Papa New Guinea
Japan
Taiwan
Thailand
Zimbia
Madgascar
 
Answer Stats
Answer % Correct
United States
75%
Honduras
74%
Mexico
72%
Portugal
71%
Gambia
70%
Azerbaijan
67%
Greece
67%
Nicaragua
67%
Saint Lucia
67%
Taiwan
67%
Finland
66%
Japan
66%
Spain
66%
Thailand
64%
Grenada
61%
No matching quizzes found
Score Distribution
Percent of People with Each Score
Percentile by Number Answered
Your Score History
You have not taken this quiz